<?xml version="1.0" encoding="UTF-8"?>
<collection xmlns="http://www.loc.gov/MARC21/slim">
 <record>
  <leader>08610nas a22010691  4500</leader>
  <controlfield tag="001">1/50181</controlfield>
  <controlfield tag="008">020920c19879999nyuqr1p       1    0eng d</controlfield>
  <datafield tag="022" ind1=" " ind2=" ">
   <subfield code="a">0895-3309</subfield>
  </datafield>
  <datafield tag="035" ind1=" " ind2=" ">
   <subfield code="l">23026</subfield>
  </datafield>
  <datafield tag="040" ind1=" " ind2=" ">
   <subfield code="a">DLC</subfield>
   <subfield code="b">GR-PeUP</subfield>
  </datafield>
  <datafield tag="090" ind1=" " ind2=" ">
   <subfield code="a">Αλφαβητική σειρά</subfield>
  </datafield>
  <datafield tag="245" ind1="0" ind2="4">
   <subfield code="a">The journal of economic perspectives</subfield>
  </datafield>
  <datafield tag="260" ind1=" " ind2=" ">
   <subfield code="a">Nashville :</subfield>
   <subfield code="b">The Association,</subfield>
   <subfield code="c">1987-</subfield>
  </datafield>
  <datafield tag="300" ind1=" " ind2=" ">
   <subfield code="a">v. :</subfield>
   <subfield code="b">ill. ;</subfield>
   <subfield code="c">26cm.</subfield>
  </datafield>
  <datafield tag="310" ind1=" " ind2=" ">
   <subfield code="a">Quarterly</subfield>
  </datafield>
  <datafield tag="362" ind1="0" ind2=" ">
   <subfield code="a">Vol.1, no.1(Jan.1987)-v.3, no.4(Dec.1989)</subfield>
  </datafield>
  <datafield tag="362" ind1="0" ind2=" ">
   <subfield code="a">Vol.5, no.4(Oct.1991)-v.9, no.4(Dec.1995)</subfield>
  </datafield>
  <datafield tag="362" ind1="0" ind2=" ">
   <subfield code="a">Vol.12, no.1(Jan.1998)-v.14, no.2(Jul.2000)</subfield>
  </datafield>
  <datafield tag="546" ind1=" " ind2=" ">
   <subfield code="a">English</subfield>
  </datafield>
  <datafield tag="650" ind1=" " ind2="4">
   <subfield code="a">Economics</subfield>
   <subfield code="v">Periodicals.</subfield>
  </datafield>
  <datafield tag="710" ind1="2" ind2=" ">
   <subfield code="a">American Economic Association.</subfield>
  </datafield>
  <datafield tag="780" ind1="1" ind2="0">
   <subfield code="t">#8;The 	American economic review.</subfield>
   <subfield code="x">0002-828</subfield>
  </datafield>
  <datafield tag="852" ind1=" " ind2=" ">
   <subfield code="a">INST</subfield>
   <subfield code="b">UNIPILB</subfield>
   <subfield code="c">SERIALS</subfield>
   <subfield code="e">20041123</subfield>
   <subfield code="h">Αλφαβητική σειρά</subfield>
   <subfield code="p">37941</subfield>
   <subfield code="q">37941</subfield>
   <subfield code="t">NOLOAN</subfield>
   <subfield code="v">vol.17;no.1:(Εποχή)Winter;(Έτος)2003</subfield>
   <subfield code="y">2</subfield>
  </datafield>
  <datafield tag="852" ind1=" " ind2=" ">
   <subfield code="a">INST</subfield>
   <subfield code="b">UNIPILB</subfield>
   <subfield code="c">SERIALS</subfield>
   <subfield code="e">20041123</subfield>
   <subfield code="h">Αλφαβητική σειρά</subfield>
   <subfield code="p">37942</subfield>
   <subfield code="q">37942</subfield>
   <subfield code="t">NOLOAN</subfield>
   <subfield code="v">vol.17;no.2:(Εποχή)Spring;(Έτος)2003</subfield>
   <subfield code="y">2</subfield>
  </datafield>
  <datafield tag="852" ind1=" " ind2=" ">
   <subfield code="a">INST</subfield>
   <subfield code="b">UNIPILB</subfield>
   <subfield code="c">SERIALS</subfield>
   <subfield code="e">20041123</subfield>
   <subfield code="h">Αλφαβητική σειρά</subfield>
   <subfield code="p">37943</subfield>
   <subfield code="q">37943</subfield>
   <subfield code="t">NOLOAN</subfield>
   <subfield code="v">vol.17;no.3:(Εποχή)Summer;(Έτος)2003</subfield>
   <subfield code="y">2</subfield>
  </datafield>
  <datafield tag="852" ind1=" " ind2=" ">
   <subfield code="a">INST</subfield>
   <subfield code="b">UNIPILB</subfield>
   <subfield code="c">SERIALS</subfield>
   <subfield code="e">20050114</subfield>
   <subfield code="h">Αλφαβητική σειρά</subfield>
   <subfield code="p">38843</subfield>
   <subfield code="q">38843</subfield>
   <subfield code="t">NOLOAN</subfield>
   <subfield code="v">vol.18;no.2:(Εποχή)Spring;(Έτος)2004</subfield>
   <subfield code="y">2</subfield>
  </datafield>
  <datafield tag="852" ind1=" " ind2=" ">
   <subfield code="a">INST</subfield>
   <subfield code="b">UNIPILB</subfield>
   <subfield code="c">SERIALS</subfield>
   <subfield code="e">20050125</subfield>
   <subfield code="h">Αλφαβητική σειρά</subfield>
   <subfield code="p">39258</subfield>
   <subfield code="q">39258</subfield>
   <subfield code="t">NOLOAN</subfield>
   <subfield code="v">vol.18;no.3:(Εποχή)Summer;(Έτος)2004</subfield>
   <subfield code="y">2</subfield>
  </datafield>
  <datafield tag="852" ind1=" " ind2=" ">
   <subfield code="a">INST</subfield>
   <subfield code="b">UNIPILB</subfield>
   <subfield code="c">SERIALS</subfield>
   <subfield code="e">20050404</subfield>
   <subfield code="h">Αλφαβητική σειρά</subfield>
   <subfield code="p">41940</subfield>
   <subfield code="q">41940</subfield>
   <subfield code="t">NOLOAN</subfield>
   <subfield code="v">vol.18;no.4:(Εποχή)Fall;(Έτος)2004</subfield>
   <subfield code="y">2</subfield>
  </datafield>
  <datafield tag="852" ind1=" " ind2=" ">
   <subfield code="a">INST</subfield>
   <subfield code="b">UNIPILB</subfield>
   <subfield code="c">SERIALS</subfield>
   <subfield code="e">20050914</subfield>
   <subfield code="h">Αλφαβητική σειρά</subfield>
   <subfield code="p">46649</subfield>
   <subfield code="q">46649</subfield>
   <subfield code="t">NOLOAN</subfield>
   <subfield code="v">vol.17;no.4:(Εποχή)Fall;(Έτος)2003</subfield>
   <subfield code="y">2</subfield>
  </datafield>
  <datafield tag="852" ind1=" " ind2=" ">
   <subfield code="a">INST</subfield>
   <subfield code="b">UNIPILB</subfield>
   <subfield code="c">SERIALS</subfield>
   <subfield code="e">20050914</subfield>
   <subfield code="h">Αλφαβητική σειρά</subfield>
   <subfield code="p">46650</subfield>
   <subfield code="q">46650</subfield>
   <subfield code="t">NOLOAN</subfield>
   <subfield code="v">vol.18;no.1:(Εποχή)Winter;(Έτος)2004</subfield>
   <subfield code="y">2</subfield>
  </datafield>
  <datafield tag="852" ind1=" " ind2=" ">
   <subfield code="a">INST</subfield>
   <subfield code="b">UNIPILB</subfield>
   <subfield code="c">SERIALS</subfield>
   <subfield code="e">20060405</subfield>
   <subfield code="h">Αλφαβητική σειρά</subfield>
   <subfield code="p">51098</subfield>
   <subfield code="q">51098</subfield>
   <subfield code="t">NOLOAN</subfield>
   <subfield code="v">vol.19;no.3:(Εποχή)Summer;(Έτος)2005</subfield>
   <subfield code="y">2</subfield>
  </datafield>
  <datafield tag="852" ind1=" " ind2=" ">
   <subfield code="a">INST</subfield>
   <subfield code="b">UNIPILB</subfield>
   <subfield code="c">SERIALS</subfield>
   <subfield code="e">20060518</subfield>
   <subfield code="h">Αλφαβητική σειρά</subfield>
   <subfield code="p">51537</subfield>
   <subfield code="q">51537</subfield>
   <subfield code="t">NOLOAN</subfield>
   <subfield code="v">vol.19;no.2:(Εποχή)Spring;(Έτος)2005</subfield>
   <subfield code="y">2</subfield>
  </datafield>
  <datafield tag="852" ind1=" " ind2=" ">
   <subfield code="a">INST</subfield>
   <subfield code="b">UNIPILB</subfield>
   <subfield code="c">SERIALS</subfield>
   <subfield code="e">20071105</subfield>
   <subfield code="h">Αλφαβητική σειρά</subfield>
   <subfield code="p">58170</subfield>
   <subfield code="q">58170</subfield>
   <subfield code="t">NOLOAN</subfield>
   <subfield code="v">vol.20;no.2:(Εποχή)Spring;(Έτος)2006</subfield>
   <subfield code="y">2</subfield>
  </datafield>
  <datafield tag="852" ind1=" " ind2=" ">
   <subfield code="a">INST</subfield>
   <subfield code="b">UNIPILB</subfield>
   <subfield code="c">SERIALS</subfield>
   <subfield code="e">20071105</subfield>
   <subfield code="h">Αλφαβητική σειρά</subfield>
   <subfield code="p">58171</subfield>
   <subfield code="q">58171</subfield>
   <subfield code="t">NOLOAN</subfield>
   <subfield code="v">vol.20;no.3:(Εποχή)Summer;(Έτος)2006</subfield>
   <subfield code="y">2</subfield>
  </datafield>
  <datafield tag="852" ind1=" " ind2=" ">
   <subfield code="a">INST</subfield>
   <subfield code="b">UNIPILB</subfield>
   <subfield code="c">SERIALS</subfield>
   <subfield code="e">20071105</subfield>
   <subfield code="h">Αλφαβητική σειρά</subfield>
   <subfield code="p">58172</subfield>
   <subfield code="q">58172</subfield>
   <subfield code="t">NOLOAN</subfield>
   <subfield code="v">vol.20;no.4:(Εποχή)Fall;(Έτος)2006</subfield>
   <subfield code="y">2</subfield>
  </datafield>
  <datafield tag="852" ind1=" " ind2=" ">
   <subfield code="a">INST</subfield>
   <subfield code="b">UNIPILB</subfield>
   <subfield code="c">SERIALS</subfield>
   <subfield code="e">20071105</subfield>
   <subfield code="h">Αλφαβητική σειρά</subfield>
   <subfield code="p">58178</subfield>
   <subfield code="q">58178</subfield>
   <subfield code="t">NOLOAN</subfield>
   <subfield code="v">vol.20;no.1:(Εποχή)Winter;(Έτος)2006</subfield>
   <subfield code="y">2</subfield>
  </datafield>
  <datafield tag="852" ind1=" " ind2=" ">
   <subfield code="a">INST</subfield>
   <subfield code="b">UNIPILB</subfield>
   <subfield code="c">SERIALS</subfield>
   <subfield code="e">20080331</subfield>
   <subfield code="h">Αλφαβητική σειρά</subfield>
   <subfield code="p">60354</subfield>
   <subfield code="q">60354</subfield>
   <subfield code="t">NOLOAN</subfield>
   <subfield code="v">vol.21;no.1:(Εποχή)Winter;(Έτος)2007</subfield>
   <subfield code="y">2</subfield>
  </datafield>
  <datafield tag="852" ind1=" " ind2=" ">
   <subfield code="a">INST</subfield>
   <subfield code="b">UNIPILB</subfield>
   <subfield code="c">SERIALS</subfield>
   <subfield code="e">20080331</subfield>
   <subfield code="h">Αλφαβητική σειρά</subfield>
   <subfield code="p">60355</subfield>
   <subfield code="q">60355</subfield>
   <subfield code="t">NOLOAN</subfield>
   <subfield code="v">vol.21;no.2:(Εποχή)Spring;(Έτος)2007</subfield>
   <subfield code="y">2</subfield>
  </datafield>
  <datafield tag="852" ind1=" " ind2=" ">
   <subfield code="a">INST</subfield>
   <subfield code="b">UNIPILB</subfield>
   <subfield code="c">SERIALS</subfield>
   <subfield code="e">20080331</subfield>
   <subfield code="h">Αλφαβητική σειρά</subfield>
   <subfield code="p">60356</subfield>
   <subfield code="q">60356</subfield>
   <subfield code="t">NOLOAN</subfield>
   <subfield code="v">vol.21;no.3:(Εποχή)Summer;(Έτος)2007</subfield>
   <subfield code="y">2</subfield>
  </datafield>
  <datafield tag="852" ind1=" " ind2=" ">
   <subfield code="a">INST</subfield>
   <subfield code="b">UNIPILB</subfield>
   <subfield code="c">SERIALS</subfield>
   <subfield code="e">20080331</subfield>
   <subfield code="h">Αλφαβητική σειρά</subfield>
   <subfield code="p">60357</subfield>
   <subfield code="q">60357</subfield>
   <subfield code="t">NOLOAN</subfield>
   <subfield code="v">vol.21;no.4:(Εποχή)Fall;(Έτος)2007</subfield>
   <subfield code="y">2</subfield>
  </datafield>
  <datafield tag="852" ind1=" " ind2=" ">
   <subfield code="a">INST</subfield>
   <subfield code="b">UNIPILB</subfield>
   <subfield code="c">SERIALS</subfield>
   <subfield code="e">20100205</subfield>
   <subfield code="h">Αλφαβητική σειρά</subfield>
   <subfield code="p">66670</subfield>
   <subfield code="q">66670</subfield>
   <subfield code="t">NOLOAN</subfield>
   <subfield code="v">vol.23;no.1:(Εποχή)Winter;(Έτος)2009</subfield>
   <subfield code="y">2</subfield>
  </datafield>
  <datafield tag="852" ind1=" " ind2=" ">
   <subfield code="a">INST</subfield>
   <subfield code="b">UNIPILB</subfield>
   <subfield code="c">SERIALS</subfield>
   <subfield code="e">20100205</subfield>
   <subfield code="h">Αλφαβητική σειρά</subfield>
   <subfield code="p">66671</subfield>
   <subfield code="q">66671</subfield>
   <subfield code="t">NOLOAN</subfield>
   <subfield code="v">vol.23;no.2:(Εποχή)Spring;(Έτος)2009</subfield>
   <subfield code="y">2</subfield>
  </datafield>
  <datafield tag="852" ind1=" " ind2=" ">
   <subfield code="a">INST</subfield>
   <subfield code="b">UNIPILB</subfield>
   <subfield code="c">SERIALS</subfield>
   <subfield code="e">20100205</subfield>
   <subfield code="h">Αλφαβητική σειρά</subfield>
   <subfield code="p">66672</subfield>
   <subfield code="q">66672</subfield>
   <subfield code="t">NOLOAN</subfield>
   <subfield code="v">vol.23;no.3:(Εποχή)Summer;(Έτος)2009</subfield>
   <subfield code="y">2</subfield>
  </datafield>
  <datafield tag="852" ind1=" " ind2=" ">
   <subfield code="a">INST</subfield>
   <subfield code="b">UNIPILB</subfield>
   <subfield code="c">SERIALS</subfield>
   <subfield code="e">20100706</subfield>
   <subfield code="h">Αλφαβητική σειρά</subfield>
   <subfield code="p">69420</subfield>
   <subfield code="q">69420</subfield>
   <subfield code="t">NOLOAN</subfield>
   <subfield code="v">vol.23;no.4:(Εποχή)Fall;(Έτος)2009</subfield>
   <subfield code="y">2</subfield>
  </datafield>
  <datafield tag="852" ind1=" " ind2=" ">
   <subfield code="a">INST</subfield>
   <subfield code="b">UNIPILB</subfield>
   <subfield code="c">SERIALS</subfield>
   <subfield code="e">20100826</subfield>
   <subfield code="h">Αλφαβητική σειρά</subfield>
   <subfield code="p">69669</subfield>
   <subfield code="q">69669</subfield>
   <subfield code="t">NOLOAN</subfield>
   <subfield code="v">vol.24;no.2:(Εποχή)Spring;(Έτος)2010</subfield>
   <subfield code="y">2</subfield>
  </datafield>
  <datafield tag="852" ind1=" " ind2=" ">
   <subfield code="a">INST</subfield>
   <subfield code="b">UNIPILB</subfield>
   <subfield code="c">SERIALS</subfield>
   <subfield code="e">20101004</subfield>
   <subfield code="h">Αλφαβητική σειρά</subfield>
   <subfield code="p">69991</subfield>
   <subfield code="q">69991</subfield>
   <subfield code="t">NOLOAN</subfield>
   <subfield code="v">vol.24;no.1:(Εποχή)Winter;(Έτος)2010</subfield>
   <subfield code="y">2</subfield>
  </datafield>
  <datafield tag="852" ind1=" " ind2=" ">
   <subfield code="a">INST</subfield>
   <subfield code="b">UNIPILB</subfield>
   <subfield code="c">SERIALS</subfield>
   <subfield code="e">20101004</subfield>
   <subfield code="h">Αλφαβητική σειρά</subfield>
   <subfield code="p">69992</subfield>
   <subfield code="q">69992</subfield>
   <subfield code="t">NOLOAN</subfield>
   <subfield code="v">vol.24;no.3:(Εποχή)Summer;(Έτος)2010</subfield>
   <subfield code="y">2</subfield>
  </datafield>
  <datafield tag="852" ind1=" " ind2=" ">
   <subfield code="a">INST</subfield>
   <subfield code="b">UNIPILB</subfield>
   <subfield code="c">SERIALS</subfield>
   <subfield code="e">20110125</subfield>
   <subfield code="h">Αλφαβητική σειρά</subfield>
   <subfield code="p">70944</subfield>
   <subfield code="q">70944</subfield>
   <subfield code="t">NOLOAN</subfield>
   <subfield code="v">vol.24;no.4:(Εποχή)Fall;(Έτος)2010</subfield>
   <subfield code="y">2</subfield>
  </datafield>
  <datafield tag="852" ind1=" " ind2=" ">
   <subfield code="a">INST</subfield>
   <subfield code="b">UNIPILB</subfield>
   <subfield code="c">SERIALS</subfield>
   <subfield code="e">20110511</subfield>
   <subfield code="h">Αλφαβητική σειρά</subfield>
   <subfield code="p">71756</subfield>
   <subfield code="q">71756</subfield>
   <subfield code="t">NOLOAN</subfield>
   <subfield code="v">vol.25;no.1:(Εποχή)Winter;(Έτος)2011</subfield>
   <subfield code="y">2</subfield>
  </datafield>
  <datafield tag="852" ind1=" " ind2=" ">
   <subfield code="a">INST</subfield>
   <subfield code="b">UNIPILB</subfield>
   <subfield code="c">SERIALS</subfield>
   <subfield code="e">20110929</subfield>
   <subfield code="h">Αλφαβητική σειρά</subfield>
   <subfield code="p">72822</subfield>
   <subfield code="q">72822</subfield>
   <subfield code="t">NOLOAN</subfield>
   <subfield code="v">vol.25;no.2:(Εποχή)Spring;(Έτος)2011</subfield>
   <subfield code="y">2</subfield>
  </datafield>
  <datafield tag="852" ind1=" " ind2=" ">
   <subfield code="a">INST</subfield>
   <subfield code="b">UNIPILB</subfield>
   <subfield code="c">SERIALS</subfield>
   <subfield code="e">20111003</subfield>
   <subfield code="h">Αλφαβητική σειρά</subfield>
   <subfield code="p">72898</subfield>
   <subfield code="q">72898</subfield>
   <subfield code="t">NOLOAN</subfield>
   <subfield code="v">vol.25;no.3:(Εποχή)Summer;(Έτος)2011</subfield>
   <subfield code="y">2</subfield>
  </datafield>
  <datafield tag="852" ind1=" " ind2=" ">
   <subfield code="a">INST</subfield>
   <subfield code="b">UNIPILB</subfield>
   <subfield code="c">SERIALS</subfield>
   <subfield code="e">20120116</subfield>
   <subfield code="h">Αλφαβητική σειρά</subfield>
   <subfield code="p">73929</subfield>
   <subfield code="q">73929</subfield>
   <subfield code="t">NOLOAN</subfield>
   <subfield code="v">vol.25;no.4:(Εποχή)Fall;(Έτος)2011</subfield>
   <subfield code="y">2</subfield>
  </datafield>
  <datafield tag="852" ind1=" " ind2=" ">
   <subfield code="a">INST</subfield>
   <subfield code="b">UNIPILB</subfield>
   <subfield code="c">SERIALS</subfield>
   <subfield code="e">20120410</subfield>
   <subfield code="h">Αλφαβητική σειρά</subfield>
   <subfield code="p">75186</subfield>
   <subfield code="q">75186</subfield>
   <subfield code="t">NOLOAN</subfield>
   <subfield code="v">vol.26;no.1:(Εποχή)Winter;(Έτος)2012</subfield>
   <subfield code="y">2</subfield>
  </datafield>
  <datafield tag="852" ind1=" " ind2=" ">
   <subfield code="a">INST</subfield>
   <subfield code="b">UNIPILB</subfield>
   <subfield code="c">SERIALS</subfield>
   <subfield code="e">20120608</subfield>
   <subfield code="h">Αλφαβητική σειρά</subfield>
   <subfield code="p">75711</subfield>
   <subfield code="q">75711</subfield>
   <subfield code="t">NOLOAN</subfield>
   <subfield code="v">vol.26;no.2:(Εποχή)Spring;(Έτος)2012</subfield>
   <subfield code="y">2</subfield>
  </datafield>
  <datafield tag="852" ind1=" " ind2=" ">
   <subfield code="a">INST</subfield>
   <subfield code="b">UNIPILB</subfield>
   <subfield code="c">SERIALS</subfield>
   <subfield code="e">20130314</subfield>
   <subfield code="h">Αλφαβητική σειρά</subfield>
   <subfield code="p">78458</subfield>
   <subfield code="q">78458</subfield>
   <subfield code="t">NOLOAN</subfield>
   <subfield code="v">vol.27;no.1:(Εποχή)Winter;(Έτος)2013</subfield>
   <subfield code="y">2</subfield>
  </datafield>
  <datafield tag="852" ind1=" " ind2=" ">
   <subfield code="a">INST</subfield>
   <subfield code="b">UNIPILB</subfield>
   <subfield code="c">SERIALS</subfield>
   <subfield code="e">20130524</subfield>
   <subfield code="h">Αλφαβητική σειρά</subfield>
   <subfield code="p">79736</subfield>
   <subfield code="q">79736</subfield>
   <subfield code="t">NOLOAN</subfield>
   <subfield code="v">vol.27;no.2:(Εποχή)Spring;(Έτος)2013</subfield>
   <subfield code="y">2</subfield>
  </datafield>
  <datafield tag="852" ind1=" " ind2=" ">
   <subfield code="a">INST</subfield>
   <subfield code="b">UNIPILB</subfield>
   <subfield code="c">SERIALS</subfield>
   <subfield code="e">20130719</subfield>
   <subfield code="h">Αλφαβητική σειρά</subfield>
   <subfield code="p">80635</subfield>
   <subfield code="q">80635</subfield>
   <subfield code="t">NOLOAN</subfield>
   <subfield code="v">vol.26;no.3:(Εποχή)Summer;(Έτος)2012</subfield>
   <subfield code="y">2</subfield>
  </datafield>
  <datafield tag="852" ind1=" " ind2=" ">
   <subfield code="a">INST</subfield>
   <subfield code="b">UNIPILB</subfield>
   <subfield code="c">SERIALS</subfield>
   <subfield code="e">20130719</subfield>
   <subfield code="h">Αλφαβητική σειρά</subfield>
   <subfield code="p">80636</subfield>
   <subfield code="q">80636</subfield>
   <subfield code="t">NOLOAN</subfield>
   <subfield code="v">vol.26;no.4:(Εποχή)Fall;(Έτος)2012</subfield>
   <subfield code="y">2</subfield>
  </datafield>
  <datafield tag="852" ind1=" " ind2=" ">
   <subfield code="a">INST</subfield>
   <subfield code="b">UNIPILB</subfield>
   <subfield code="c">SERIALS</subfield>
   <subfield code="e">20170912</subfield>
   <subfield code="h">Αλφαβητική σειρά</subfield>
   <subfield code="p">91165</subfield>
   <subfield code="q">91165</subfield>
   <subfield code="t">NOLOAN</subfield>
   <subfield code="v">vol.19;no.1:(Εποχή)Winter;(Έτος)2005</subfield>
   <subfield code="y">2</subfield>
  </datafield>
  <datafield tag="852" ind1=" " ind2=" ">
   <subfield code="a">INST</subfield>
   <subfield code="b">UNIPILB</subfield>
   <subfield code="c">SERIALS</subfield>
   <subfield code="e">20180918</subfield>
   <subfield code="h">Αλφαβητική σειρά</subfield>
   <subfield code="p">92664</subfield>
   <subfield code="q">92664</subfield>
   <subfield code="t">NOLOAN</subfield>
   <subfield code="v">vol.28;no.1:(Εποχή)Winter;(Έτος)2014</subfield>
   <subfield code="y">2</subfield>
  </datafield>
  <datafield tag="856" ind1=" " ind2=" ">
   <subfield code="u">http://www.jstor.org/browse/08953309?frame=noframe&amp;userID=c3fbe32e@unipi.gr/01cce4401f00501704d&amp;dpi=3&amp;config=jsto</subfield>
  </datafield>
  <datafield tag="900" ind1=" " ind2=" ">
   <subfield code="a">Vol. 28 no. 2 (Spring 2014)</subfield>
   <subfield code="b">Οφειλόμενο</subfield>
   <subfield code="c">18/09/201</subfield>
  </datafield>
  <datafield tag="900" ind1=" " ind2=" ">
   <subfield code="a">Vol. 19 no. 4 (Fall 2005)</subfield>
   <subfield code="b">Οφειλόμενο</subfield>
   <subfield code="c">16/04/200</subfield>
  </datafield>
  <datafield tag="900" ind1=" " ind2=" ">
   <subfield code="a">Vol. 22 no. 1 (Winter 2008)</subfield>
   <subfield code="b">Οφειλόμενο</subfield>
   <subfield code="c">01/07/200</subfield>
  </datafield>
  <datafield tag="900" ind1=" " ind2=" ">
   <subfield code="a">Vol. 22 no. 2 (Spring 2008)</subfield>
   <subfield code="b">Οφειλόμενο</subfield>
   <subfield code="c">04/02/201</subfield>
  </datafield>
  <datafield tag="900" ind1=" " ind2=" ">
   <subfield code="a">Vol. 22 no. 3 (Summer 2008)</subfield>
   <subfield code="b">Οφειλόμενο</subfield>
   <subfield code="c">04/02/201</subfield>
  </datafield>
  <datafield tag="900" ind1=" " ind2=" ">
   <subfield code="a">Vol. 22 no. 4 (Fall 2008)</subfield>
   <subfield code="b">Οφειλόμενο</subfield>
   <subfield code="c">02/03/201</subfield>
  </datafield>
  <datafield tag="900" ind1=" " ind2=" ">
   <subfield code="a">Vol. 27 no. 3 (Summer 2013)</subfield>
   <subfield code="b">Οφειλόμενο</subfield>
   <subfield code="c">13/06/201</subfield>
  </datafield>
  <datafield tag="900" ind1=" " ind2=" ">
   <subfield code="a">Vol. 27 no. 4 (Fall 2013)</subfield>
   <subfield code="b">Οφειλόμενο</subfield>
   <subfield code="c">11/09/201</subfield>
  </datafield>
  <datafield tag="950" ind1=" " ind2=" ">
   <subfield code="a">01/01/2003</subfield>
   <subfield code="c">SWETS INFORMATION SERVICES</subfield>
   <subfield code="d">9</subfield>
  </datafield>
  <datafield tag="951" ind1=" " ind2=" ">
   <subfield code="a">28 1 (Winter 2014)</subfield>
   <subfield code="b">Main ru</subfield>
  </datafield>
  <datafield tag="951" ind1=" " ind2=" ">
   <subfield code="a">()</subfield>
   <subfield code="b">Main ru</subfield>
  </datafield>
  <datafield tag="951" ind1=" " ind2=" ">
   <subfield code="a">()</subfield>
   <subfield code="b">Main ru</subfield>
  </datafield>
  <datafield tag="951" ind1=" " ind2=" ">
   <subfield code="a">14 3 (Summer 2000)   ()</subfield>
   <subfield code="b">Main ru</subfield>
  </datafield>
  <datafield tag="951" ind1=" " ind2=" ">
   <subfield code="a">17 1 (Winter 2003) -  18 4 (Fall 2004)</subfield>
   <subfield code="b">Main ru</subfield>
  </datafield>
  <datafield tag="951" ind1=" " ind2=" ">
   <subfield code="b">Main ru</subfield>
  </datafield>
  <datafield tag="951" ind1=" " ind2=" ">
   <subfield code="a">19 1 (Winter 2005) -  19 3 (Summer 2005)</subfield>
   <subfield code="b">Main ru</subfield>
  </datafield>
  <datafield tag="951" ind1=" " ind2=" ">
   <subfield code="a">20 1 (Winter 2006) -  20 4 (Fall 2006)</subfield>
   <subfield code="b">Main ru</subfield>
  </datafield>
  <datafield tag="951" ind1=" " ind2=" ">
   <subfield code="a">21 1 (Winter 2007) -  21 4 (Fall 2007)</subfield>
   <subfield code="b">Main ru</subfield>
  </datafield>
  <datafield tag="951" ind1=" " ind2=" ">
   <subfield code="a">23 1 (Winter 2009) -  24 4 (Fall 2010)</subfield>
   <subfield code="b">Main ru</subfield>
  </datafield>
  <datafield tag="951" ind1=" " ind2=" ">
   <subfield code="a">25 1 (Winter 2011)</subfield>
   <subfield code="b">Main ru</subfield>
  </datafield>
  <datafield tag="951" ind1=" " ind2=" ">
   <subfield code="a">8 3 (Summer 1994)</subfield>
   <subfield code="b">Main ru</subfield>
  </datafield>
  <datafield tag="951" ind1=" " ind2=" ">
   <subfield code="a">22 2 (Spring 2008)</subfield>
   <subfield code="b">Main ru</subfield>
  </datafield>
  <datafield tag="951" ind1=" " ind2=" ">
   <subfield code="b">Main ru</subfield>
  </datafield>
  <datafield tag="951" ind1=" " ind2=" ">
   <subfield code="b">Main ru</subfield>
  </datafield>
  <datafield tag="951" ind1=" " ind2=" ">
   <subfield code="a">25 2 (Spring 2011) -  25 4 (Fall 2011)</subfield>
   <subfield code="b">Main ru</subfield>
  </datafield>
  <datafield tag="951" ind1=" " ind2=" ">
   <subfield code="a">26 1 (Winter 2012) -  26 4 (Fall 2012)</subfield>
   <subfield code="b">Main ru</subfield>
  </datafield>
  <datafield tag="951" ind1=" " ind2=" ">
   <subfield code="a">27 1 (Winter 2013) -  27 3 (Summer 2013)</subfield>
   <subfield code="b">Main ru</subfield>
  </datafield>
  <datafield tag="951" ind1=" " ind2=" ">
   <subfield code="a">Vol. 4 no. 1 (Jan. 1990) - Vol. 4 no. 4 (Dec. 1990)</subfield>
   <subfield code="b">Main ru</subfield>
  </datafield>
  <datafield tag="951" ind1=" " ind2=" ">
   <subfield code="a">Vol.5 no.1- Vol.5 No. 2 (1991)</subfield>
   <subfield code="b">Main ru</subfield>
  </datafield>
  <datafield tag="951" ind1=" " ind2=" ">
   <subfield code="a">Vol.10 no. 1 (Winter 1996) - vol. 10 no. 3 (Summer 1996)</subfield>
   <subfield code="b">Main ru</subfield>
  </datafield>
  <datafield tag="951" ind1=" " ind2=" ">
   <subfield code="a">Vol. 12 no. 1 (Winter 1998) - vol. 12 vol.4 (Fall 1998)</subfield>
   <subfield code="b">Main ru</subfield>
  </datafield>
 </record>
</collection>
